|
|
|
|
| LEADER |
01414nam a2200289 a 4500 |
| 001 |
16500 |
| 003 |
BD-DhAAL |
| 008 |
100209s2000 nyua b 000 0 eng d |
| 010 |
|
|
|a \\\98052140
|
| 020 |
|
|
|a 158093014X
|
| 040 |
|
|
|a DLC
|c DLC
|d DLC
|d BD-DhAAL
|
| 082 |
0 |
0 |
|a 720.2222
|2 21
|
| 100 |
1 |
|
|a Larson, Kent.
|9 31807
|
| 245 |
1 |
0 |
|a Louis I. Kahn :
|b unbuilt masterworks /
|c Kent Larson ; foreword by Vincent Scully ; afterword by William J. Mitchell.
|
| 246 |
3 |
0 |
|a Kahn
|
| 260 |
|
|
|a New York, NY :
|b Monacelli Press,
|c 2000.
|
| 300 |
|
|
|a 232 pages :
|b illustrations (some colors) ;
|c 29 cm
|
| 504 |
|
|
|a Includes bibliographical references ( pages 230-231).
|
| 526 |
|
|
|a ARC
|x Huraera Jabeen
Faculty member of Department of Architecture
|
| 541 |
1 |
|
|a Premier Books
|e 16500
|
| 600 |
1 |
0 |
|a Kahn, Louis I.,
|d 1901-1974
|x Criticism and interpretation.
|9 31808
|
| 650 |
|
0 |
|a Architectural drawing
|z United States
|y 20th century.
|9 31809
|
| 700 |
1 |
|
|a Kahn, Louis I.,
|d 1901-1974.
|9 31810
|
| 852 |
4 |
|
|a Ayesha Abed Library
|c General Stacks
|
| 942 |
|
|
|2 ddc
|c BK
|
| 999 |
|
|
|c 7395
|d 7395
|
| 952 |
|
|
|0 0
|1 3
|2 ddc
|4 0
|6 720_000000000000000__22_22_LAR_2000
|7 0
|9 7906
|a BRACUL
|b BRACUL
|c GEN
|d 2010-02-09
|e Premier Books
|g 5500.00
|l 9
|m 15
|o 720.2222 LAR
|p 3010016500
|r 2016-09-01
|s 2014-11-10
|t 1
|w 2010-02-09
|y BK
|x Lost and cost paid BDT. 11000/- by ID 13208009 dated 01.09.2016 ; Requisitioned by Huraera Jabeen, Faculty member of Department of Architecture (ARC).
|